| 000 | 004110000a22001690004500 | ||
|---|---|---|---|
| 003 | LK-CoMWRAF | ||
| 008 | 230817t ||||| |||| 00| 0 eng d | ||
| 040 |
_aLK-CoMWRAF _dLK-CoMWRAF _eLK-CoMWRAF |
||
| 041 | _aeng | ||
| 082 |
_a350 _bANA |
||
| 100 | _aAnanthi, S | ||
| 245 |
_aPennurimai kordpadum Periyarum _b |
||
| 260 |
_aMadras _bIWID _c1996 |
||
| 300 | _ap.32 | ||
| 650 | _awomen& development | ||
| 942 | _cBK | ||
| 999 |
_c2856 _d2856 |
||